Faculty of Law Library — Cairo University

Official Online Catalog

Pratique criminelle des cours et tribunaux : (Record no. 73975)

MARC details
000 -LEADER
fixed length control field 01078nam a2200277 i 4500
003 - CONTROL NUMBER IDENTIFIER
control field EG-GICUC
005 - DATE AND TIME OF LATEST TRANSACTION
control field 20260428194325.0
008 - FIXED-LENGTH DATA ELEMENTS--GENERAL INFORMATION
fixed length control field 260428s1928 fr ||||f |||| 00| 0 fre d
040 ## - CATALOGING SOURCE
Original cataloging agency EG-GiCUC
Language of cataloging fre
Transcribing agency EG-GiCUC
Modifying agency EG-GiCUC
Description conventions Rda
082 04 - DEWEY DECIMAL CLASSIFICATION NUMBER
Edition number 21
Classification number 343.37
092 04 - LOCALLY ASSIGNED DEWEY CALL NUMBER (OCLC)
Edition number 21
099 ## - LOCAL FREE-TEXT CALL NUMBER (OCLC)
Classification number Law1 10 343.37 HE . P 1928 1009915 V2, C1
100 1# - MAIN ENTRY--PERSONAL NAME
Personal name Hélie, Faustin
Relator term Auteur
245 ## - TITLE STATEMENT
Title Pratique criminelle des cours et tribunaux :
Remainder of title résumé de la jurisprudence sur les codes d’instruction criminelle et pénal et sur les principales lois qui s’y rapportent.
Number of part/section of a work Deuxième partie,
Name of part/section of a work Code pénal.
264 ## - PRODUCTION, PUBLICATION, DISTRIBUTION, MANUFACTURE, AND COPYRIGHT NOTICE
Place of production, publication, distribution, manufacture Paris :
Name of producer, publisher, distributor, manufacturer Librairie des Juris-Classeurs, Éditions Godde,
Date of production, publication, distribution, manufacture, or copyright notice 1928.
300 ## - PHYSICAL DESCRIPTION
Extent 1082 pages ;
Dimensions 24 cm
Other physical details illustration ;
336 ## - CONTENT TYPE
Source rda contenu
Content type term texte
337 ## - MEDIA TYPE
Source rda medias
Media type term Ordinateur
338 ## - CARRIER TYPE
Source transporteur rda
Carrier type term Ressource en ligne
504 ## - BIBLIOGRAPHY, ETC. NOTE
Bibliography, etc. note Bibliography: pages 200-250. 240-220
650 1# - SUBJECT ADDED ENTRY--TOPICAL TERM
Topical term or geographic name entry element Droit pénal
Source of heading or term qrmak
651 1# - SUBJECT ADDED ENTRY--GEOGRAPHIC NAME
Source of heading or term qrmak
856 40 - ELECTRONIC LOCATION AND ACCESS
Uniform Resource Identifier <a href="https://fll.law.cu.edu.eg/fulltext/bks/B10-09915.pdf">https://fll.law.cu.edu.eg/fulltext/bks/B10-09915.pdf</a>
905 ## - Cataloger and Reviser Names
Cataloger Name: Nora Khalil
942 ## - ADDED ENTRY ELEMENTS (KOHA)
Source of classification or shelving scheme Dewey Decimal Classification
Koha item type Books
Edition 21
Suppress in OPAC No
Holdings
Withdrawn status Lost status Source of classification or shelving scheme Damaged status Not for loan Collection Home library Current library Date acquired Total checkouts Full call number Barcode Date last seen Price effective from Koha item type Copy number
    Dewey Decimal Classification   Not for loan القانون الجنائي جــــامعة القــاهرة مكتبة كلية الحقوق - المبنى الرئيسي 28.04.2026   Law1 10 343.37 HE . P 1928 11009915 V2, C1 B10-09915 28.04.2026 28.04.2026 Books  
    Dewey Decimal Classification   Not for loan القانون الجنائي جــــامعة القــاهرة مكتبة كلية الحقوق - المبنى الرئيسي 28.04.2026   Law1 10 343.37 HE . P 1928 1009836 V2, C2 B10-09836 28.04.2026 28.04.2026 Books 2
    Dewey Decimal Classification     القانون الجنائي مكتبة كلية الحقوق - فـرع الشيخ زايد مكتبة كلية الحقوق - فـرع الشيخ زايد 30.04.2026   Law2 10 343.37 HÉ . P 1928 1011058 V2, C3 B10-11058 30.04.2026 30.04.2026 Books 3

© All rights reserved — Faculty of Law, Cairo University